000 00768nam a2200181Ia 4500
008 090124s9999 xx 000 0 und d
082 _b207244
100 _aखरे ममता
245 _a दिव्य ज्ञान गिरीशचन्द्र के श्री रामकृष्ण
250 _a1
260 _bचट्टोपाध्याय संजीव
_c2005
300 _a160
600 _aखरे ममता
630 _a दिव्य ज्ञान गिरीशचन्द्र के श्री रामकृष्ण
700 _aखरे ममता
730 _a दिव्य ज्ञान गिरीशचन्द्र के श्री रामकृष्ण
942 _cBOOK
999 _c189272
_d189272